| 000 | 00406nam a22001697a 4500 | ||
|---|---|---|---|
| 005 | 20180321110110.0 | ||
| 008 | 160521b xxu||||| |||| 00| 0 eng d | ||
| 020 | _a978-81-203-2731-3 | ||
| 041 | _aeng | ||
| 082 |
_b3984 _a338.502 465 8 |
||
| 100 |
_aMaheshwari, Yogesh _9418 |
||
| 245 | _aManagerial Economics | ||
| 260 |
_aNew Delhi _bPHI, |
||
| 300 | _a280 | ||
| 650 |
_aManagement _9241 |
||
| 942 | _cBK | ||
| 999 |
_c1355 _d1355 |
||